000 01058ngm a22003850a 4500
001 PT47232
003 AR-LpoUNG
005 20210202000006.0
007 vd cvaizq
008 191001s2009||||ag |||||||||||||||||spa d
037 _c$2.65
040 _aAR-LpoUNG
_bspa
_cAR-LpoUNG
_eaacr
041 _aspa
044 _aag
082 0 _a306.484 277v3
100 1 _aTello, Guillermo
_edir.
245 1 0 _aCómo se baila el tango
260 _aBuenos Aires :
_bMiradas al Sur,
_c2009.
300 _aDVD (61 min.) : son., byn, col.
505 0 _aMusicalización: Alejandro Vázquez. Gráfica y animación: Nicolás Recart. Cámara: Enrique Gatica. Producción: Alejandro Carrizo. Relatos: Guillermo Tello.
650 4 _aARGENTINA
650 4 _aCULTURA
650 4 _aCULTURA POPULAR
650 4 _aIDENTIDAD CULTURAL
650 4 _aMUSICA
651 4 _aArgentina
653 _aCINE ARGENTINO
653 _aDOCUMENTALES
653 _aDVD
653 _aMUSICAL
653 _aTANGO
653 _aVIDEOS
905 _a47232
942 _cDVD
999 _c53928
_d53928